000 01483nam a22002177a 4500
008 120125t xxu||||| |||| 00| 0 eng d
020 _a9780256136401
020 _a0256136408
050 _aT58.6.S32
100 S _aSchultheis, Robert A.
245 _aManagement information systems /
_cRobert A. Schultheis, Mary Sumner, Douglas Bock
250 _a3rd ed.
260 _aLondon:
_bIRWIN,
_c1995.
300 _axxiv, 797 p.+ various pagings
_bill.
500 _aIncludes index.
505 _aContents: Introduction to information management -- An introduction to concepts of systems and organizations -- Strategic uses of information technology -- Computer hardware -- computer software -- File and database management systems -- Communications and distributed systems -- Office automation -- A managers view of information systems -- Accounting and financial information systems -- Marketing information systems -- manufacturing and production information systems -- Human resource information systems -- Decision support systems -- Using artificial intelligence and experts systems -- Information systems planning -- Systems analysis and design - Detailed systems design and implementation -- Organization of information systems and end-use computing -- Security and ethical issues of information systems -- Key issues in information management --
650 _aManagement information systems.
700 _aSumner, Mary
700 _aBock, Douglas
942 _2lcc
_cBK
999 _c7434
_d14934